Football - Les Clubs Relégués de Ligue 1 - Statistiques

Statistiques générales
  • Ce quiz a été pris 608 fois
    369 depuis la dernière actualisation
  • Le résultat moyen est 31 sur 42
Statistiques - réponses
Classement Clubs % Correct
18ème FC Metz
94%
19ème FC Metz
94%
20ème FC Metz
94%
19ème FC Metz
94%
19ème FC Lorient
92%
18ème FC Lorient
92%
20ème Girondins de Bordeaux
91%
20ème RC Lens
85%
19ème RC Lens
85%
20ème Toulouse Football Club
85%
17ème AJ Auxerre
84%
20ème Angers SCO
84%
20ème AJ Auxerre
83%
20ème Clermont Foot
82%
20ème Sporting Club de Bastia
80%
19ème ESTAC Troyes
78%
19ème ESTAC Troyes
78%
20ème ESTAC Troyes
78%
19ème ESTAC Troyes
78%
20ème Stade Brestois 29
77%
19ème Amiens SC
76%
18ème Stade de Reims
76%
19ème Stade Malherbe Caen
75%
18ème Stade Malherbe Caen
75%
20ème DFCO
74%
19ème DFCO
74%
20ème EA Guingamp
74%
19ème Nîmes Olympique
74%
18ème AS Saint-Étienne
73%
19ème AS Nancy Lorraine
72%
18ème AS Nancy Lorraine
72%
18ème FC Sochaux-Montbéliard
72%
18ème AS Monaco
68%
18ème Thonon Évian Grand Genève FC
61%
19ème Valenciennes FC
59%
20ème Grenoble Foot 38
58%
19ème Gazélec Football Club Ajaccio
51%
18ème AC Ajaccio
50%
20ème AC Ajaccio
50%
18ème Le Mans FC
50%
20ème ACA Arles-Avignon
35%
19ème US Boulogne
34%
Aucun quiz correspondant
Distribution des résultats
% des personnes avec chaque résultat
Percentile par nombre de réponses
Votre historique - résultats
Vous n’avez pas pris ce quiz depuis la dernière actualisation